Bundesliga Tabelle 2014-15 - Statistiken

Allgemein
  • Dieses Quiz wurde 92 mal gespielt
  • Das Durchschnittsergebnis liegt bei 4 aus 18
Antwortstatistiken
Hint Antwort % Korrekt
Bayern München 1
93%
Paderborn 18
61%
HSV 16
32%
Wolfsburg 2
32%
Freiburg 17
25%
VfB Stuttgart 14
23%
Hannover 96 13
20%
Augsburg 5
20%
Leverkusen 4
18%
Mönchengladbach 3
16%
Frankfurt 9
14%
Hertha BSC 15
13%
Borussia Dortmund 7
13%
Werder Bremen 10
11%
Schalke 6
9%
Hoffenheim 8
9%
Köln 12
7%
Mainz 11
4%
Keine übereinstimmenden Quizze gefunden
Verteilung der Resultate
Anzahl Personen mit jedem Resultat
Perzentil nach korrekt beantworteten Fragen
Ihre Resultats-Entwicklung
Sie haben dieses Quiz noch nicht gespielt